• 首页
  • 本馆介绍
  • 公告通知
  • 最新文献
  • 馆藏检索
  • 电子资源
  • 读者导购
  • 参考咨询
  • 我的图书馆
  • 登录
  • 详细信息显示
  • 放入我的书架
  • 预约/预借图书
  • 作者相关作品
  • 分类相关作品
  • 丛书相关作品
  • 出版社相关作品

书目信息

  • 表格格式
  • 工作单格式
  • 卡片格式
题名:
行政职业能力测验
    
 
作者: ;公安考试培训图书编辑部 编
分册:  
出版信息: 北京   中国人民公安大学出版社  2018
页数: 206页
开本: 26cm
丛书名: 2018年公安机关招录人民警察考试辅导读本
单 册:
中图分类: D631.13
科图分类:
主题词: 警察--jing cha--招聘--考试--中国--自学参考资料 , 行政管理--hang zheng guan li--能力倾向测验--中国--自学参考资料
电子资源:
ISBN: 978-7-5653-3121-3
000 01324nam 2200277 450
001 012001007245
005 20131019083723.0
010    @a978-7-5653-3121-3@dCNY40.00
099    @aCAL 012018072232
100    @a20180615d2018 em y0chiy50 ea
101 0  @achi
102    @aCN@b110000
105    @ay a 000yy
106    @ar
200 1  @a行政职业能力测验@Ahang zheng zhi ye neng li ce yan@f公安考试培训图书编辑部编
210    @a北京@c中国人民公安大学出版社@c群众出版社@d2018
215    @a206页@d26cm
225 2  @a2018年公安机关招录人民警察考试辅导读本
330    @a本书是关于全国招警考试《行政职业能力》科目的培训教材,第一章为行政职业能力测验概述;第二章为逻辑判断;第三章为图形推理;第四章为定义判断;第五章为类比推理;第六章为资料分析。本书在公务员考试公共科目方面,力求各学科、各模块均衡发展。在授课过程中,努力淡化专业知识,尽量避免专业知识的讲授。将复杂课程以简单、幽默的方式展现给考生,让公考非专业化的理念深入每一位考生。
410  0 @12001 @a2018年公安机关招录人民警察考试辅导读本
606    @a警察@Ajing cha@x招聘@x考试@y中国@j自学参考资料
606    @a行政管理@Ahang zheng guan li@x能力倾向测验@y中国@j自学参考资料
690    @aD631.13@v5
711 02 @a公安考试培训图书编辑部@Agong an kao shi pei xun tu shu bian ji bu@4编
801  2 @aCN@b上海新华@c20191020
905    @b1176345-8@dD631.13@e393@f4
    
    行政职业能力测验/公安考试培训图书编辑部编.-北京:中国人民公安大学出版社:群众出版社,2018
    206页;26cm.-(2018年公安机关招录人民警察考试辅导读本)
    
    
    ISBN 978-7-5653-3121-3:CNY40.00
    本书是关于全国招警考试《行政职业能力》科目的培训教材,第一章为行政职业能力测验概述;第二章为逻辑判断;第三章为图形推理;第四章为定义判断;第五章为类比推理;第六章为资料分析。本书在公务员考试公共科目方面,力求各学科、各模块均衡发展。在授课过程中,努力淡化专业知识,尽量避免专业知识的讲授。将复杂课程以简单、幽默的方式展现给考生,让公考非专业化的理念深入每一位考生。
●
相关链接 在E读中查询图书 在五车中查询图书 在当当中查询图书 在豆瓣中查询图书


正题名:行政职业能力测验     索取号:D631.13/393         预约/预借

序号 登录号 条形码 馆藏地/架位号 状态 备注
1 1176345   211763457   第一样本阅览室/ [索取号:D631.13/393] 在馆    
2 1176346   211763466   第一借阅区/ [索取号:D631.13/393] 在馆    
3 1176347   211763475   第一借阅区/ [索取号:D631.13/393] 在馆    
4 1176348   211763484   第一借阅区/ [索取号:D631.13/393] 在馆    
唐山师范学院图书馆 欢迎您!
大连网信软件有限公司© 版权所有